[Rezension von: Carr, Lowell Juilliard, Delinquency Control]

Saved in:  
Bibliographic Details
Main Author: M., E. (Author)
Contributors: Carr, Lowell Juilliard (Bibliographic antecedent)
Format: Electronic Review
Language:English
Published: 1951
In: The British journal of delinquency
Year: 1951, Volume: 1, Issue: 4, Pages: 298-299
Online Access: Volltext (Resolving-System)
Check availability: HBZ Gateway
Keywords:

MARC

LEADER 00000caa a22000002c 4500
001 1917841663
003 DE-627
005 20260120124650.0
007 cr uuu---uuuuu
008 250221s1951 xx |||||oo 00| ||eng c
035 |a (DE-627)1917841663 
035 |a (DE-599)KXP1917841663 
040 |a DE-627  |b ger  |c DE-627  |e rda 
041 |a eng 
084 |a 2,1  |2 ssgn 
100 1 |a M., E.  |e VerfasserIn  |4 aut 
245 1 0 |a [Rezension von: Carr, Lowell Juilliard, Delinquency Control]  |c E. M. 
264 1 |c 1951 
336 |a Text  |b txt  |2 rdacontent 
337 |a Computermedien  |b c  |2 rdamedia 
338 |a Online-Ressource  |b cr  |2 rdacarrier 
655 7 |a Rezension  |0 (DE-588)4049712-4  |0 (DE-627)106186019  |0 (DE-576)209083166  |2 gnd-content 
700 1 |8 1\p  |a Carr, Lowell Juilliard  |e VerfasserIn des Bezugswerks  |0 (DE-588)1055240985  |0 (DE-627)793332745  |0 (DE-576)411748718  |4 ant 
773 0 8 |i Enthalten in  |t The British journal of delinquency  |d London : Inst., 1950  |g 1(1951), 4, Seite 298-299  |h Online-Ressource  |w (DE-627)509005063  |w (DE-600)2225579-5  |w (DE-576)277979137  |x 2056-4163  |7 nnas 
773 1 8 |g volume:1  |g year:1951  |g number:4  |g pages:298-299 
787 0 8 |i Rezension von  |a Carr, Lowell Juilliard  |t Delinquency Control  |b Rev. ed  |d New York : Harper, 1950  |h XVI, 591 S. 8"  |w (DE-627)432303049 
856 4 0 |u https://www.jstor.org/stable/23640118  |x Resolving-System  |x Digitalisierung  |7 1 
883 |8 1\p  |a cgwrk  |d 20241001  |q DE-101  |u https://d-nb.info/provenance/plan#cgwrk 
951 |a AR 
ELC |a 1 
LOK |0 000 xxxxxcx a22 zn 4500 
LOK |0 001 4668776343 
LOK |0 003 DE-627 
LOK |0 004 1917841663 
LOK |0 005 20250829160049 
LOK |0 008 250221||||||||||||||||ger||||||| 
LOK |0 040   |a DE-21-110  |c DE-627  |d DE-21-110 
LOK |0 092   |o n 
LOK |0 852   |a DE-21-110 
LOK |0 852 1  |9 00 
LOK |0 935   |a krzo 
LOK |0 939   |a 21-02-25  |b l01 
ORI |a SA-MARC-krimdoka001.raw